000 00483 a2200157 4500
020 _a9788179651964
082 _aH 891.430 9
_bRAJ/B
100 _aRajendra Mishra
_9118555
245 _aBhavishya ka sahithya (21veem sadi ke sahithya ki avadharana)/
_cby Rajendra Mishra
260 _bTaxshila Prakashan,
_aNewdelhi:
_c2011.
300 _a206p.
650 _aLiterature Hindi Criticism
_9118556
650 _aLiterature Hindi
_9118557
650 _aLiterature
_9118558
942 _cBK
999 _c140150
_d140150